000 02200cam a22004694i 4500
003 PE-LiUPU
005 20250731173304.0
008 150625s2000 miu rb 000 0 spa d
020 _a0825414636
035 _a(Sirsi) i9780825414633
040 _aPE-LiUPU
_bspa
_cPE-LiUPU
_erda
049 _aPRUA
082 0 4 _a289.33
_bM52I
_221
100 1 _aMcElveen, Floyd,
_eautor.
245 1 3 _aLa ilusión mormona :
_bqué dice la Biblia acerca de los santos de los últimos días /
_cFloy McElveen.
264 1 _aMichigan :
_bPortavoz,
_c2000.
300 _a224 páginas ;
_c21 centímetros
336 _atext
_2rdacontent
337 _aunmediated
_2rdamedia
338 _avolume
_2rdacarrier
504 _aIncluye referencias bibliográficas.
505 0 _aCómo conocí el mormonismo y a Cristo -- José Smith y la primera visión -- José Smith, ¿profeta de Dios? -- El libro del mormón, ¿obra de José Smith o de Dios? -- José Smith, sometido a prueba como traductor -- La historia, la arqueología, la antropología y el libro de mormón -- El error fatal -- La verdad acerca de " Adán-Dios -- Contradicciones en cuanto a la persona de Dios -- Sacerdocio y genealogía. Algunas doctrinas características pero dudosas del mormonismo -- La única y verdadera iglesia -- La autoridad final -- La salvación según los mormones -- La salvación según la Biblia -- El cielo mormón.
526 _aSEG42
526 _aSEG41
526 _aSEG40
526 _aSEG39
526 _aP94
526 _aP87
526 _aP86
526 _aP85
526 _aP77
526 _aP76
526 _aP35
541 _g001-001480;
650 0 4 _aLibro del Mormón.
650 0 4 _aMormonismo.
942 _2ddc
_cBOOK
949 _a289.33 M52I
_wDEWEY
_c1
_i55770
_d2016-10-24
_e2016-10-19
_lCCODEBUL1
_mBUL
_n3
_p3.00
_r0
_sY
_tBOOK
_u2015-6-25
_xTEOLOGIA
_zUNKNOWN
_0COMPRA
_o.STAFF. Colección General
994 _aC0
_bPEPRU
596 _a1
999 _a289.33 M52I
_wDEWEY
_c44647
_i55770
_d44647
_e2016-10-19
_f2021-11-11
_g5
_lCCODEBUL1
_mBUL
_n3
_p3.00
_r0
_sY
_tBOOK
_u2015-6-25
_xTEOLOGIA
_PP35
_0COMPRA
_o.STAFF. Colección Teología
980 _81
_gALBERTO SANCHEZ Responsable de Automatización